Text Book of Herbal Drug Technology (Record no. 13403)

MARC details
000 -LEADER
fixed length control field 00480nam a22001937a 4500
003 - CONTROL NUMBER IDENTIFIER
control field OSt
008 - FIXED-LENGTH DATA ELEMENTS--GENERAL INFORMATION
fixed length control field 250424b |||||||| |||| 00| 0 eng d
020 ## - INTERNATIONAL STANDARD BOOK NUMBER
International Standard Book Number 93899108012
082 ## - DEWEY DECIMAL CLASSIFICATION NUMBER
Classification number 615.321 LOH
100 ## - MAIN ENTRY--PERSONAL NAME
Personal name Lodhi, Santram
245 ## - TITLE STATEMENT
Title Text Book of Herbal Drug Technology
250 ## - EDITION STATEMENT
Edition statement 4th
260 ## - PUBLICATION, DISTRIBUTION, ETC. (IMPRINT)
Place of publication, distribution, etc Delhi
Name of publisher, distributor, etc Nirali Pub.
Date of publication, distribution, etc 2023
300 ## - PHYSICAL DESCRIPTION
Extent 12.14
650 ## - SUBJECT ADDED ENTRY--TOPICAL TERM
Topical term or geographic name as entry element Herbal Drug Technology
700 ## - ADDED ENTRY--PERSONAL NAME
Personal name Usman, Md. Rageeb
700 ## - ADDED ENTRY--PERSONAL NAME
Personal name Deshmukh & Darvhekar
942 ## - ADDED ENTRY ELEMENTS (KOHA)
Source of classification or shelving scheme Dewey Decimal Classification
Koha item type Text Books
Holdings
Withdrawn status Lost status Source of classification or shelving scheme Damaged status Not for loan Collection code Home library Current library Date acquired Source of acquisition Currency Cost, normal purchase price Bill Number Total Checkouts Full call number Acc. no. / Barcode Date last seen Actual Cost, discounted price Bill Date Koha item type Date last borrowed
    Dewey Decimal Classification     B.Pharma PIET C-LIBRARY PIET C-LIBRARY 15/04/2025 Zafaa Books Distributres Rs 360.00 ZBD0026   615.321 LOT BP2723 24/04/2025 262.50 11/04/2025 Reference Books  
    Dewey Decimal Classification     B.Pharma PIET C-LIBRARY PIET C-LIBRARY 15/04/2025 Zafaa Books Distributres Rs 360.00 ZBD0026 2 615.321 LOT BP2724 12/01/2026 262.50 11/04/2025 Text Books 08/01/2026
    Dewey Decimal Classification     B.Pharma PIET C-LIBRARY PIET C-LIBRARY 15/04/2025 Zafaa Books Distributres Rs 360.00 ZBD0026 1 615.321 LOT BP2725 19/01/2026 262.50 11/04/2025 Text Books 05/01/2026

Design & Developed by: PIET Central Library
R70 Miles Stone Pattikalyana Samalkha Panipat 132102
mail ID :- [email protected], Phone No:- 0180-2569700 Ex.216